| 000 | 00531nam a2200193 a 4500 | ||
|---|---|---|---|
| 005 | 20170901154515.0 | ||
| 008 | 170901r br a gr|||| 00| 0 por d | ||
| 040 |
_aCO-BoIAVH _cCO-BoIAVH |
||
| 041 | _aspa | ||
| 044 | _abl | ||
| 090 |
_aFG- _b0149 |
||
| 245 | 0 | 0 |
_aPlantas exóticas invasoras: _bcultvar é uma ameaca |
| 260 |
_aBrasil: _bApaflor; _c[sf] |
||
| 300 | _aplegable | ||
| 650 | 4 |
_aPlantas no nativas _zBrasil |
|
| 650 | 4 |
_aEspecies vegetales _zBrasil |
|
| 942 |
_cFolleto _01 _2z |
||
| 945 | _d2003-11-04 | ||
| 999 |
_c19804 _d19804 |
||